[Event "Bayern-ch op Seniors 26th"]
[Site "Bergen"]
[Date "2014.06.21"]
[Round "1"]
[White "Flockerzi, Armin"]
[Black "Krafzik, Joachim"]
[Result "0-1"]
[WhiteElo "1565"]
[BlackElo "1819"]
[PlyCount "80"]
[EventDate "2014.06.21"]
[EventType "swiss"]
[EventRounds "7"]
[EventCountry "GER"]
[SourceTitle "EXT 2018"]
[Source "ChessBase"]
[SourceDate "2017.10.13"]
[SourceVersion "1"]
[SourceVersionDate "2017.10.13"]
[SourceQuality "1"]

1. Nf3 b6 2. g3 Bb7 3. Bg2 f5 4. e3 Nf6 5. 0-0 e6 6. d4 Be7 7. b3 0-0 8. Bb2 Qe8 9. Nbd2 d6 10. Re1 Bd8 11. c4 Nbd7 12. Nh4 Bxg2 13. Nxg2 g5 14. Qc2 Qh5 15. f4 Ng4 16. Nf1 Ndf6 17. fxg5 Ne4 18. Nf4 Qf7 19. Nh3 Bxg5 20. Qg2 Rae8 21. Rad1 a5 22. Bc1 Bh6 23. Rd3 e5 24. dxe5 Nxe5 25. Rd4 Qh5 26. Kh1 Nf3 27. Qe2 Nc3 28. Rh4 Qxh4 29. gxh4 Nxe2 30. Rxe2 Nxh4 31. Ng3 f4 32. exf4 Rxe2 33. Nxe2 Re8 34. Nhg1 Nf3 35. Kg2 Nxg1 36. Nxg1 Re4 37. Kf3 Re1 38. Ne2 Rd1 39. Ke4 Rh1 40. a3 Rxh2 0-1

[Event "Bayern-ch Seniors 24nd"]
[Site "Bergen"]
[Date "2012.06.17"]
[Round "2"]
[White "Krafzik, Joachim"]
[Black "Goy, Udo"]
[Result "0-1"]
[WhiteElo "1776"]
[BlackElo "2074"]
[PlyCount "52"]
[EventDate "2012.06.16"]
[EventType "swiss"]
[EventRounds "9"]
[EventCountry "GER"]
[SourceTitle "EXT 2015"]
[Source "ChessBase"]
[SourceDate "2014.11.20"]
[SourceVersion "1"]
[SourceVersionDate "2014.11.20"]
[SourceQuality "1"]

1. f4 g6 2. Nf3 Bg7 3. e4 c5 4. Nc3 Nc6 5. g3 e6 6. Bg2 d5 7. exd5 exd5 8. 0-0 Nge7 9. Ne2 0-0 10. Kh1 d4 11. d3 Be6 12. Ng5 Bd5 13. Nf3 Qd7 14. b3 Rae8 15. Rb1 Nf5 16. Re1 Re7 17. Neg1 Rfe8 18. Rxe7 Qxe7 19. a3 h6 20. Bd2 Ne3 21. Bxe3 dxe3 22. Ne2 Nd4 23. Nexd4 cxd4 24. Qe2 Qxa3 25. Kg1 Qa2 26. Rf1 Bxb3 0-1

[Event "Bayern-ch Seniors 23rd"]
[Site "Bergen"]
[Date "2011.06.05"]
[Round "9"]
[White "Flockerzi, Armin"]
[Black "Krafzik, Joachim"]
[Result "0-1"]
[WhiteElo "1707"]
[BlackElo "1828"]
[PlyCount "120"]
[EventDate "2011.05.28"]
[EventType "swiss"]
[EventRounds "9"]
[EventCountry "GER"]
[SourceTitle "EXT 2012"]
[Source "ChessBase"]
[SourceDate "2011.11.24"]
[SourceVersion "1"]
[SourceVersionDate "2011.11.24"]
[SourceQuality "1"]

1. d4 f5 2. Nf3 Nf6 3. c4 e6 4. Bg5 b6 5. g3 Bb7 6. Bg2 Be7 7. Nc3 h6 8. Bxf6 Bxf6 9. 0-0 0-0 10. e3 d6 11. Qc2 Nd7 12. Rad1 a5 13. Nb5 Be4 14. Qc1 Qb8 15. b3 Qb7 16. Ne1 Bxg2 17. Nxg2 e5 18. a4 Rae8 19. Qc2 Bd8 20. Ne1 exd4 21. Rxd4 Nc5 22. Nc3 Bf6 23. Rd5 Bxc3 24. Qxc3 Qc8 25. Qc2 Ne4 26. f3 Nc5 27. Ng2 Qe6 28. Re1 g5 29. Kf2 Qf6 30. h3 Na6 31. Qb1 Nb4 32. Rd4 Re7 33. f4 Nc6 34. Rd5 Nb4 35. Rd4 Rfe8 36. Rd2 Re4 37. Red1 Kf7 38. Qb2 Qxb2 39. Rxb2 Na6 40. Rd5 Kg6 41. Rbd2 Nc5 42. Rb2 R4e7 43. Rd4 Kf6 44. Rdd2 Ne4+ 45. Kf3 Nxd2+ 46. Rxd2 Re4 47. Rd3 R4e7 48. Ne1 gxf4 49. gxf4 Rg8 50. Rd2 Reg7 51. Rh2 Rg1 52. Ke2 Ke6 53. Kf2 d5 54. cxd5+ Kxd5 55. Nf3 Rb1 56. Nd2 Rb2 57. Ke2 Kc5 58. Kd3 Kb4 59. e4 fxe4+ 60. Ke3 Kc3 0-1

[Event "GER-ch Seniors 22nd"]
[Site "Berlin"]
[Date "2010.08.17"]
[Round "2"]
[White "Krafzik, Joachim"]
[Black "Shapiro, Yosip"]
[Result "0-1"]
[WhiteElo "1811"]
[BlackElo "1998"]
[PlyCount "112"]
[EventDate "2010.08.16"]
[EventType "swiss"]
[EventRounds "9"]
[EventCountry "GER"]
[SourceTitle "CBM 138 Extra"]
[Source "ChessBase"]
[SourceDate "2010.10.29"]
[SourceVersion "1"]
[SourceVersionDate "2010.10.29"]
[SourceQuality "1"]

1. b4 d5 2. Bb2 Qd6 3. a3 e5 4. e3 Nd7 5. Nf3 f6 6. c4 c6 7. Be2 Ne7 8. Qc2 g6 9. d3 Bg7 10. Nbd2 Nf8 11. e4 Be6 12. d4 Nd7 13. dxe5 fxe5 14. Ng5 Bg8 15. c5 Qf6 16. Ngf3 Be6 17. h3 0-0 18. Nf1 b5 19. Ng3 h6 20. 0-0 d4 21. Bc1 Qf7 22. Bd2 g5 23. Nh2 Ng6 24. Bg4 Bc4 25. Be2 Nh4 26. Rac1 Bb3 27. Qb2 Be6 28. Bg4 Bc4 29. Be2 Nf6 30. Qc2 Bxe2 31. Nxe2 Rad8 32. Qd3 Qe6 33. Ng3 Kh8 34. Rce1 Rg8 35. f3 Qc4 36. Qb1 Bf8 37. Rc1 Qe6 38. Qd3 Ng6 39. Nf5 Nf4 40. Bxf4 gxf4 41. Rfd1 h5 42. Kf2 Ne8 43. Rg1 Bh6 44. Ke1 Bg5 45. Nf1 Ng7 46. Nxg7 Rxg7 47. Kd1 Bh4 48. Rc2 Rdg8 49. Kc1 a5 50. Kb2 Ra7 51. Qb3 Qg6 52. Re2 Rga8 53. Nd2 axb4 54. axb4 Ra2+ 55. Qxa2 Rxa2+ 56. Kxa2 d3 0-1

[Event "Bayern-ch Seniors 22nd"]
[Site "Bergen"]
[Date "2010.06.17"]
[Round "6"]
[White "Krafzik, Joachim"]
[Black "Urytskyy, Arkadiy"]
[Result "0-1"]
[WhiteElo "1812"]
[BlackElo "2064"]
[PlyCount "36"]
[EventDate "2010.06.12"]
[EventType "swiss"]
[EventRounds "9"]
[EventCountry "GER"]
[SourceTitle "EXT 2011"]
[Source "ChessBase"]
[SourceDate "2010.11.26"]
[SourceVersion "1"]
[SourceVersionDate "2010.11.26"]
[SourceQuality "1"]

1. b4 d5 2. Bb2 e6 3. Nf3 Nf6 4. a3 Be7 5. e3 Nbd7 6. c4 0-0 7. d4 dxc4 8. Bxc4 b6 9. Nc3 Bb7 10. Be2 a5 11. b5 Bd6 12. Qd3 Qe7 13. 0-0 e5 14. Qf5 Rae8 15. dxe5 Nxe5 16. Nd4 Bc8 17. Qg5 h6 18. Qh4 Ng6 0-1

[Event "Bad Griesbach Seniors op 12th"]
[Site "Bad Griesbach"]
[Date "2009.12.01"]
[Round "3"]
[White "Krafzik, Joachim"]
[Black "Klimpel, Siegfried"]
[Result "0-1"]
[WhiteElo "1836"]
[BlackElo "1706"]
[PlyCount "104"]
[EventDate "2009.11.29"]
[EventType "swiss"]
[EventRounds "7"]
[EventCountry "GER"]
[SourceTitle "EXT 2015"]
[Source "ChessBase"]
[SourceDate "2014.11.20"]
[SourceVersion "1"]
[SourceVersionDate "2014.11.20"]
[SourceQuality "1"]

1. f4 Nf6 2. Nf3 g6 3. b3 Bg7 4. Bb2 d6 5. e3 0-0 6. Be2 c5 7. 0-0 Nc6 8. d3 e5 9. Nfd2 Nd5 10. Rf3 Re8 11. c4 Nf6 12. e4 Nd4 13. Bxd4 exd4 14. Rf1 Qe7 15. Bf3 Bh6 16. g3 Bh3 17. Rf2 g5 18. fxg5 Bxg5 19. Nf1 Qe6 20. Na3 a6 21. Rb2 Ng4 22. Nc2 Ne5 23. Ne1 Nxf3+ 24. Nxf3 Bh6 25. Nh4 Bg4 26. Qc2 Bg5 27. Ng2 Qe5 28. Qf2 Re6 29. Qe1 Rf6 30. Rf2 Rxf2 31. Qxf2 f5 32. Re1 Rf8 33. exf5 Qxf5 34. Qxf5 Bxf5 35. Rd1 Re8 36. Kf2 Bg6 37. g4 h5 38. h4 Bf6 39. g5 Be5 40. Rd2 Rf8+ 41. Kg1 Rf3 42. Ne1 Rh3 43. Kg2 Rxh4 44. Nf3 Rg4+ 45. Kf2 Bf4 46. Rd1 h4 47. Ng1 Bxg5 48. Nh3 Bh6 49. Nh2 Be3+ 50. Kf1 Rg3 51. Nf2 Bf5 52. Nh1 Rg1+ 0-1

[Event "Bayern-ch Seniors 21st"]
[Site "Bergen"]
[Date "2009.06.23"]
[Round "4"]
[White "Krafzik, Joachim"]
[Black "Peiberg, Ehrhard"]
[Result "1/2-1/2"]
[WhiteElo "1831"]
[BlackElo "1671"]
[PlyCount "40"]
[EventDate "2009.06.20"]
[EventType "swiss"]
[EventRounds "9"]
[EventCountry "GER"]
[SourceTitle "EXT 2015"]
[Source "ChessBase"]
[SourceDate "2014.11.20"]
[SourceVersion "1"]
[SourceVersionDate "2014.11.20"]
[SourceQuality "1"]

1. b4 d6 2. Bb2 e5 3. e3 Nf6 4. c4 g6 5. d4 exd4 6. Bxd4 Bg7 7. b5 0-0 8. Nd2 c5 9. Bb2 b6 10. Be2 Bb7 11. Bf3 Bxf3 12. Ngxf3 d5 13. 0-0 a6 14. a4 Qe7 15. Qc2 Rd8 16. Rfd1 axb5 17. axb5 Rxa1 18. Rxa1 Qd7 19. h3 dxc4 20. Nxc4 Qxb5 1/2-1/2

[Event "Bayern-ch Seniors 21st"]
[Site "Bergen"]
[Date "2009.06.21"]
[Round "2"]
[White "Krafzik, Joachim"]
[Black "Villing, Dieter"]
[Result "0-1"]
[WhiteElo "1831"]
[BlackElo "2160"]
[PlyCount "94"]
[EventDate "2009.06.20"]
[EventType "swiss"]
[EventRounds "9"]
[EventCountry "GER"]
[SourceTitle "EXT 2015"]
[Source "ChessBase"]
[SourceDate "2014.11.20"]
[SourceVersion "1"]
[SourceVersionDate "2014.11.20"]
[SourceQuality "1"]

1. b4 d5 2. Bb2 Qd6 3. a3 e5 4. e3 Nf6 5. Nf3 Nfd7 6. c4 c6 7. Be2 e4 8. Nd4 Qg6 9. g3 Nf6 10. cxd5 Nxd5 11. d3 Nd7 12. dxe4 N5f6 13. Nc3 Ne5 14. Nf3 Nxf3+ 15. Bxf3 Bg4 16. Bxg4 Nxg4 17. Qf3 Ne5 18. Qe2 0-0-0 19. Rd1 Rxd1+ 20. Qxd1 Be7 21. 0-0 Rd8 22. Qe2 Qe6 23. Rd1 Qb3 24. Rxd8+ Bxd8 25. Nd1 Bf6 26. f4 Nc4 27. Bxf6 gxf6 28. Kf2 Nxa3 29. Qb2 Qxb2+ 30. Nxb2 Nc2 31. Nd3 b6 32. Ke2 a5 33. bxa5 bxa5 34. Kd2 Nb4 35. Nb2 Kc7 36. Kc3 c5 37. g4 Kc6 38. h4 Kb5 39. g5 fxg5 40. hxg5 Na2+ 41. Kc2 a4 42. f5 Nb4+ 43. Kb1 Nc6 44. Ka2 Nb4+ 45. Kb1 a3 46. Nd1 Kc4 47. f6 Kb3 0-1

[Event "Bayern-ch Seniors 21st"]
[Site "Bergen"]
[Date "2009.06.20"]
[Round "1"]
[White "Hartlaub, Marianne"]
[Black "Krafzik, Joachim"]
[Result "0-1"]
[WhiteElo "1485"]
[BlackElo "1831"]
[PlyCount "68"]
[EventDate "2009.06.20"]
[EventType "swiss"]
[EventRounds "9"]
[EventCountry "GER"]
[SourceTitle "EXT 2015"]
[Source "ChessBase"]
[SourceDate "2014.11.20"]
[SourceVersion "1"]
[SourceVersionDate "2014.11.20"]
[SourceQuality "1"]

1. Nf3 e6 2. c4 f5 3. b3 Nf6 4. Bb2 b6 5. g3 Bb7 6. Bg2 Be7 7. 0-0 0-0 8. e3 Qc8 9. Qe2 d6 10. Rd1 e5 11. Nc3 Nbd7 12. Ne1 Bxg2 13. Nxg2 Qb7 14. d4 Rae8 15. dxe5 Nxe5 16. Nd5 Bd8 17. Ngf4 Qc8 18. Rd2 Qd7 19. Rad1 Qf7 20. Nxf6+ Bxf6 21. Nd5 Bd8 22. f4 Nd7 23. b4 Re6 24. Qf3 Rfe8 25. Re1 Re4 26. Rc2 Nf6 27. Bxf6 Bxf6 28. b5 Bd4 29. Kh1 Bc5 30. Kg2 Qd7 31. h3 a6 32. a4 axb5 33. axb5 Ra8 34. Nc3 Ree8 0-1

[Event "Bad Griesbach Seniors op 11th"]
[Site "Bad Griesbach"]
[Date "2008.12.09"]
[Round "3"]
[White "Krafzik, Joachim"]
[Black "Klimpel, Siegfried"]
[Result "1/2-1/2"]
[WhiteElo "1838"]
[BlackElo "1703"]
[PlyCount "49"]
[EventDate "2008.12.07"]
[EventType "swiss"]
[EventRounds "7"]
[EventCountry "GER"]
[SourceTitle "EXT 2015"]
[Source "ChessBase"]
[SourceDate "2014.11.20"]
[SourceVersion "1"]
[SourceVersionDate "2014.11.20"]
[SourceQuality "1"]

1. b4 d5 2. Bb2 Bg4 3. h3 Bh5 4. Qc1 f6 5. e3 e5 6. a3 Bd6 7. Ne2 Ne7 8. d4 e4 9. Nd2 b5 10. Nb3 0-0 11. Nc5 Bxc5 12. dxc5 c6 13. Nd4 Bf7 14. a4 a6 15. axb5 a5 16. b6 Nd7 17. c3 f5 18. Be2 Qb8 19. g3 Kh8 20. h4 Bg8 21. 0-0 Rf6 22. Nb3 Rg6 23. Rxa5 Rxg3+ 24. fxg3 Qxg3+ 25. Kh1 1/2-1/2

[Event "GER-ch Seniors-A 20th"]
[Site "Erfurt"]
[Date "2008.08.06"]
[Round "2"]
[White "Nagorni, Walter"]
[Black "Krafzik, Joachim"]
[Result "1/2-1/2"]
[WhiteElo "1962"]
[BlackElo "1835"]
[PlyCount "92"]
[EventDate "2008.08.05"]
[EventType "swiss"]
[EventRounds "9"]
[EventCountry "GER"]
[SourceTitle "CBM 126 Extra"]
[Source "ChessBase"]
[SourceDate "2008.11.05"]
[SourceVersion "1"]
[SourceVersionDate "2008.11.05"]
[SourceQuality "1"]

1. Nf3 f5 2. g3 Nf6 3. Bg2 e6 4. d3 d6 5. c4 e5 6. Nc3 Nc6 7. 0-0 Be7 8. Bg5 0-0 9. Qb3 Kh8 10. Nh4 Nd4 11. Qd1 g6 12. e3 Ne6 13. Bxf6+ Bxf6 14. Nf3 Bg7 15. Rc1 c6 16. b4 Nc7 17. a4 Be6 18. a5 d5 19. cxd5 Nxd5 20. Nxd5 Bxd5 21. Qe2 Bb3 22. Nd2 Ba4 23. Nc4 Qe7 24. Qa2 Bb5 25. Qb3 Rad8 26. Rfd1 Qf7 27. f4 Rfe8 28. Qc2 exf4 29. exf4 Bd4+ 30. Kh1 Qe7 31. Rb1 Qf6 32. Na3 Ba6 33. b5 cxb5 34. Nxb5 Rc8 35. Qa2 Bxb5 36. Rxb5 b6 37. a6 Rc5 38. Rxc5 Bxc5 39. Qc4 Rd8 40. Bd5 Qd4 41. Qxd4+ Bxd4 42. Bf3 Kg7 43. Kg2 Kf6 44. h4 h6 45. Rc1 Bc5 46. Be2 Rd4 1/2-1/2

[Event "GER-ch Seniors-A 20th"]
[Site "Erfurt"]
[Date "2008.08.05"]
[Round "1"]
[White "Krafzik, Joachim"]
[Black "Meiwald, Gerhard"]
[Result "1/2-1/2"]
[WhiteElo "1835"]
[BlackElo "1898"]
[PlyCount "44"]
[EventDate "2008.08.05"]
[EventType "swiss"]
[EventRounds "9"]
[EventCountry "GER"]
[SourceTitle "CBM 126 Extra"]
[Source "ChessBase"]
[SourceDate "2008.11.05"]
[SourceVersion "1"]
[SourceVersionDate "2008.11.05"]
[SourceQuality "1"]

1. f4 d5 2. Nf3 Nf6 3. e3 g6 4. b3 Bg7 5. Bb2 0-0 6. Be2 c5 7. 0-0 Nc6 8. Ne5 Qc7 9. Nxc6 Qxc6 10. Bf3 b6 11. Re1 Bb7 12. d3 Rad8 13. Nd2 Qd7 14. Qe2 e6 15. Rad1 Ba6 16. a4 Qe7 17. g3 Rfe8 18. Ba1 Nd7 19. Bxg7 Kxg7 20. e4 dxe4 21. Nxe4 Nf6 22. Nxf6 Qxf6 1/2-1/2

[Event "Bad Griesbach Seniors op 10th"]
[Site "Bad Griesbach"]
[Date "2007.12.08"]
[Round "7"]
[White "Krafzik, Joachim"]
[Black "Schuster, Herbert"]
[Result "0-1"]
[WhiteElo "1801"]
[BlackElo "1724"]
[PlyCount "60"]
[EventDate "2007.12.02"]
[EventType "swiss"]
[EventRounds "7"]
[EventCountry "GER"]
[SourceTitle "EXT 2015"]
[Source "ChessBase"]
[SourceDate "2014.11.20"]
[SourceVersion "1"]
[SourceVersionDate "2014.11.20"]
[SourceQuality "1"]

1. f4 Nf6 2. b3 d5 3. Nf3 b6 4. Bb2 Ba6 5. Bxf6 exf6 6. e3 Bxf1 7. Rxf1 c5 8. Qe2 Qd7 9. Kf2 Be7 10. d3 0-0 11. Nbd2 Nc6 12. Kg1 Rad8 13. e4 Rfe8 14. Qd1 Qg4 15. g3 dxe4 16. Nxe4 f5 17. Ned2 Bf6 18. Rb1 Bc3 19. Kg2 Re7 20. Re1 Rde8 21. Rxe7 Rxe7 22. a3 Nd4 23. Nxd4 cxd4 24. Nf3 f6 25. Qf1 Re3 26. Ng1 h5 27. Qd1 Kf7 28. Qxg4 fxg4 29. Rf1 Be1 30. a4 f5 0-1

[Event "Chiemgau Seniors Cup 3th"]
[Site "Bergen"]
[Date "2007.10.23"]
[Round "2"]
[White "Jurgan, Brigitte"]
[Black "Krafzik, Joachim"]
[Result "0-1"]
[WhiteElo "1168"]
[BlackElo "1845"]
[PlyCount "88"]
[EventDate "2007.10.22"]
[EventType "swiss"]
[EventRounds "9"]
[EventCountry "GER"]
[SourceTitle "EXT 2008"]
[Source "ChessBase"]
[SourceDate "2007.11.25"]
[SourceVersion "1"]
[SourceVersionDate "2007.11.25"]
[SourceQuality "1"]

1. d4 f5 2. Nf3 Nf6 3. g3 e6 4. Bg5 Be7 5. Bxf6 Bxf6 6. c3 d5 7. Bg2 Nd7 8. 0-0 0-0 9. e3 b6 10. Re1 Bb7 11. Na3 Be7 12. Nc2 c5 13. Bf1 a6 14. b3 Bf6 15. Qd2 g5 16. h3 Kh8 17. Nh2 Rg8 18. Bg2 Be7 19. Qd1 Bd6 20. Rf1 Nf6 21. Ne1 Qc7 22. Nd3 h5 23. Qe1 Rg7 24. f4 Rag8 25. Rf3 Ne4 26. Nf1 g4 27. Rf2 Nxf2 28. Qxf2 c4 29. Ne5 Bxe5 30. dxe5 cxb3 31. axb3 Qxc3 32. Qe1 Qxe1 33. Rxe1 Rc7 34. h4 Rgc8 35. Nd2 Rc2 36. Rd1 Rc1 37. Rxc1 Rxc1+ 38. Kf2 Kg8 39. Bf1 Kf8 40. b4 Rc2 41. Ke1 Rb2 42. Bd3 Rxb4 43. Nb1 Rb2 44. Nd2 b5 0-1